Catalog

Record Details

Catalog Search



Dictionary of the Old Testament Prophets /  Editors - Mark J. Boda and J.Gordon McConville Cover Image Book Book

Dictionary of the Old Testament Prophets /  Editors - Mark J. Boda and J.Gordon McConville

Boda, Mark J. (Author). McConville, J.Gordon (Added Author).

Record details

  • ISBN: 978-0-8308-1784-9
  • Physical Description: 966 p.
  • Publisher: P.O.Box 1400, Downers Grove, IL 60515-1426, USA InterVarsity Press 2012

Available copies

  • 3 of 3 copies available at Common Catalog SPOK.

Holds

  • 0 current holds with 3 total copies.
Show Only Available Copies
Location Call Number / Copy Notes Barcode Shelving Location Status Due Date
ETS Library 224.03 424470012987 Volný výběr Available -
ETS Library 224.03 424470012989 Volný výběr Available -
ETS Library 224.03 424470020029 Volný výběr Available -

LDR 00859nam a2 00265
00142751
003CZ-PrJAB
00520230204110955.0
008131217s2012 xxu e |||| |eng
009us
020 . ‡a978-0-8308-1784-9
035 . ‡a(CONS)2034
035 . ‡aKPS14015
040 . ‡aABG450
041 . ‡aeng
08214. ‡a224.03
100 . ‡76137 ‡aBoda, Mark J.
245 . ‡aDictionary of the Old Testament Prophets /  ‡nEditors - Mark J. Boda and J.Gordon McConville
260 . ‡aP.O.Box 1400, Downers Grove, IL 60515-1426, USA ‡bInterVarsity Press ‡c2012
300 . ‡a966 p.
653 . ‡aDictionary of the Old Testament Prophets
700 . ‡77598 ‡aMcConville, J.Gordon
8524 . ‡bETS ‡bETS ‡cVolný výběr ‡j224.03 ‡gP ‡p424470012987 ‡xreference
8524 . ‡bETS ‡bETS ‡cVolný výběr ‡j224.03 ‡gP ‡p424470012989 ‡xreference
910 . ‡aABG450
999 . ‡a2034 ‡bAUTOGEN ‡c2034 ‡tbiblio
905 . ‡uadmin
901 . ‡a42751 ‡b ‡c42751 ‡tbiblio ‡sets

Additional Resources